Statistics for 2016 World Cup of Hockey Roster, Team Canada

Click here to take the quiz!

General Stats

  • This quiz has been taken 36 times
  • The average score is 19 of 27

Answer Stats

No.Pos.Answer% Correct
87 (C)CSidney Crosby
100%
31GCarey Price
94%
37CPatrice Bergeron
91%
6 (A)DShea Weber
91%
63LWBrad Marchand
88%
24*RWCorey Perry
88%
15CRyan Getzlaf
88%
91CSteven Stamkos
84%
27DAlex Pietrangelo
81%
8DDrew Doughty
81%
16 (A)CJonathan Toews
81%
_DDuncan Keith
78%
20CJohn Tavares
78%
28CClaude Giroux
75%
97CJoe Thornton
72%
88DBrent Burns
69%
50GCorey Crawford
69%
44DMarc-Édouard Vlasic
69%
70GBraden Holtby
66%
90*CRyan O'Reilly
66%
39*CLogan Couture
59%
9CMatt Duchene
59%
_LWJamie Benn
53%
_CTyler Seguin
53%
4*DJay Bouwmeester
41%
7DJake Muzzin
34%
_CJeff Carter
19%

Score Distribution

Percentile by Number Answered

Percent of People with Each Score

Your Score History

You have not taken this quiz